| 000 | 00859nam a22002657a 4500 | ||
|---|---|---|---|
| 001 | 0156 | ||
| 003 | DO-SdBNP | ||
| 005 | 20151126130051.0 | ||
| 007 | 0156 | ||
| 008 | 151005b1984 sp 00| 0 spa d | ||
| 020 | _a8486054192 | ||
| 040 |
_aBPMSU _bspa _cBPMSU |
||
| 092 |
_aXXXX _bXXXX |
||
| 245 | 1 | 0 |
_aCiencia en acción / _cHelena Sturridge...[et. al.] ; traducción Dona Kelley ; ilustraciones Dave Etchell...[et. al.] |
| 260 |
_aBarcelona, España : _bH. M. B., _c1984. |
||
| 300 |
_a112 p. : _bil. _c28 cm. |
||
| 505 | 1 |
_tMicroordenadores -- _rHelena Sturridge / _tRobots -- _rPeter Marsh / _tSistemas de sonido -- _rDonald Aldous / _tTelevisión y video -- _rHelena Mintern / |
|
| 700 | 1 | 2 | _aSturridge, Helena |
| 700 | 1 | 2 | _aMarsh, Peter |
| 700 | 1 | 2 | _aAldous, Donald |
| 700 | 1 | 2 | _aMintern, Helena |
| 910 | _a202 | ||
| 942 |
_2ddc _cBK |
||
| 956 | _aYngrid Lockward | ||
| 999 |
_c8929 _d8929 |
||